000 00804nam a2200205Ia 4500
005 20241129105921.0
008 241129s9999||||xx |||||||||||||| ||und||
020 _a978-93-91524-87-6
037 _aTB
040 _aARTS
_bhin
_cARTS
041 _ahin
_2hin
084 _a40aY 152R3
_qARTS
100 _aश्यौराज सिंह, ‘बेचैन’, ले.
245 0 _aमीडिया में सामाजिक लोकतंत्र की तलाश
_cश्यौराज सिंह, ‘बेचैन’, ले.
260 _aनई दिल्ली, भारत
_bअनामिका पब्लिशर्स
_c2019
365 _aINR
_b1200
650 _aJournalismSociology
_9726650
942 _cTB
_h40aY 152R3
999 _c1226575
_d1226575